| 000 | 00730cab a2200205 4500 | ||
|---|---|---|---|
| 001 | WB2340-41 | ||
| 008 | 090401t1987 xxu||||| |||| 00| 0 eng d | ||
| 035 | _a(Sirsi) u19522 | ||
| 041 | _aeng | ||
| 245 | _aStock Exchange membership | ||
| 260 | _c1987 | ||
| 350 | _a0 | ||
| 490 |
_aChartered Surveyor Weekly _vvol 20 no 2 8/10/87 p75 |
||
| 520 | _aWarns that membership of the Stock Exchange will not provide the authorisation for RICS member firms to operate under the Financial Services Act 1986 and explains how such authorisation can be obtained. | ||
| 650 | _aABOUT RICS-RICS MEMBERS | ||
| 650 | _aUNITISATION | ||
| 690 | _aMANAGEMENT-BUSINESS MANAGEMENT-PROFESSIONAL PRACTICE | ||
| 942 | _n0 | ||
| 948 | _c04/03/1997 | ||
| 999 |
_c13039 _d13039 |
||